| 000 | 00335pab a2200133 454500 | ||
|---|---|---|---|
| 008 | 180718b1984 xxu||||| |||| 00| 0 eng d | ||
| 245 |
_aThe rural - to - urban drift _bLooking for the balance print |
||
| 260 | _c1984 | ||
| 300 | _a25-36 | ||
| 362 | _aMay-June | ||
| 650 | _aRural - Urban Migration | ||
| 773 | _aCeres | ||
| 909 | _a17631 | ||
| 999 |
_c17631 _d17631 |
||